[Event "XXXV Festival Conca della Presolana A"]
[Site "Castione della Presolana ITA"]
[Date "2015.08.27"]
[Round "5"]
[White "Pirrello, Christian"]
[Black "Gennaro, Isabella"]
[WhiteElo "1917"]
[BlackElo "1875"]
[Result "0-1"]
[PlyCount "64"]
[EventDate "2015.08.23"]

1. d4 d5 2. c4 e6 3. Nc3 Nf6 4. cxd5 Nxd5 5. Nf3 Be7 6. Qb3 O-O 7. Nxd5 Qxd5 8.
Qxd5 exd5 9. Bf4 c6 10. a3 Bf5 11. e3 Nd7 12. Be2 Nb6 13. O-O Na4 14. Ra2 a5
15. Rc1 Nxb2 16. Rxb2 Bxa3 17. Rcb1 Bxb2 18. Rxb2 a4 19. Bd6 a3 20. Ra2 Rfd8
21. Be7 Re8 22. Bd6 Bb1 23. Ra1 a2 24. Kf1 b5 25. Ke1 b4 26. Kd2 Ra3 27. Ne1
Rea8 28. Bd1 Rc3 29. Nc2 Rb3 30. Nxb4 Rb2+ 31. Bc2 Ra4 32. Kc1 Raxb4 0-1

[Event "XXXV Festival Conca della Presolana A"]
[Site "Castione della Presolana ITA"]
[Date "2015.08.27"]
[Round "5"]
[White "Prete, Alessandro"]
[Black "Rorato, Renzo"]
[WhiteElo "1963"]
[BlackElo "1963"]
[Result "1/2-1/2"]
[PlyCount "45"]
[EventDate "2015.08.23"]

1. d4 d5 2. Nf3 Nf6 3. e3 e6 4. Bd3 c5 5. b3 Nc6 6. O-O Be7 7. Bb2 O-O 8. a3 b6
9. Nbd2 Bb7 10. Ne5 Rc8 11. f4 Ne4 12. Nxe4 Nxe5 13. Nf6+ Bxf6 14. fxe5 Bg5 15.
Rf3 c4 16. Be2 f6 17. exf6 Rxf6 18. Rg3 Bh6 19. bxc4 dxc4 20. Bc3 Bd5 21. Kh1
Qc7 22. Bf3 Qb7 23. Qe2 1/2-1/2

[Event "XXXV Festival Conca della Presolana A"]
[Site "Castione della Presolana ITA"]
[Date "2015.08.27"]
[Round "5"]
[White "Raselli, Claudio"]
[Black "Guerini, Silvia jr"]
[WhiteElo "1810"]
[BlackElo "1869"]
[Result "0-1"]
[PlyCount "98"]
[EventDate "2015.08.23"]

1. c4 e5 2. g3 Nf6 3. Bg2 d5 4. cxd5 Nxd5 5. Nc3 Nb6 6. Nf3 Nc6 7. O-O Be7 8.
d3 O-O 9. Be3 Be6 10. Ne4 Nd5 11. Bc5 f6 12. Bxe7 Qxe7 13. Rc1 Bf7 14. a3 Nd8
15. Qc2 c6 16. Qc5 Qxc5 17. Nxc5 b6 18. Ne4 c5 19. Nd6 Be6 20. Nd2 Nf7 21. Nb5
a6 22. Nc3 Nxc3 23. Rxc3 Rab8 24. Nc4 Bxc4 25. dxc4 Rfd8 26. Bd5 Kf8 27. Rd3
Nd6 28. Rfd1 Ke7 29. e4 b5 30. b3 bxc4 31. Bxc4 Nxc4 32. bxc4 Rd4 33. f3 Rb7
34. Rxd4 exd4 35. Rd3 Rb2 36. f4 Rc2 37. Rb3 Rxc4 38. Rb7+ Kd6 39. Rb6+ Kc7 40.
Rxa6 d3 41. Ra7+ Kc6 42. Ra6+ Kb5 43. Rd6 Rxe4 44. Rxd3 Kc4 45. Rd7 Kb3 46.
Rxg7 c4 47. Rxh7 c3 48. Rb7+ Kxa3 49. Ra7+ Kb3 0-1

[Event "XXXV Festival Conca della Presolana A"]
[Site "Castione della Presolana ITA"]
[Date "2015.08.27"]
[Round "5"]
[White "Villa, Claudio"]
[Black "Saracco, Marco"]
[WhiteElo "1823"]
[BlackElo "1810"]
[Result "0-1"]
[PlyCount "54"]
[EventDate "2015.08.23"]

1. d4 d5 2. c4 e6 3. Nf3 Nf6 4. g3 Be7 5. Bg2 O-O 6. O-O Nbd7 7. Qc2 b6 8. cxd5
exd5 9. Nc3 Bb7 10. Rd1 Rc8 11. Ne5 c5 12. Nxd7 Qxd7 13. dxc5 Rxc5 14. Qd3 Qe6
15. b4 Rc7 16. Nb5 Rd7 17. Nd4 Qd6 18. a3 Qb8 19. Nf5 Qd8 20. Bb2 Ne8 21. Nxe7+
Qxe7 22. Rac1 Nc7 23. Be4 h6 24. Bh7+ Kh8 25. Bf5 Ne6 26. Qe3 Qg5 27. f4 Qxf5
0-1

[Event "XXXV Festival Conca della Presolana A"]
[Site "Castione della Presolana ITA"]
[Date "2015.08.27"]
[Round "5"]
[White "Virzi, Ettore"]
[Black "Rossini, Fulvio"]
[WhiteElo "1965"]
[BlackElo "1964"]
[Result "0-1"]
[PlyCount "136"]
[EventDate "2015.08.23"]

1. e4 e6 2. d4 d5 3. Nd2 c5 4. Ngf3 Nf6 5. exd5 Qxd5 6. Bc4 Qd6 7. Nb3 cxd4 8.
O-O Nc6 9. Nbxd4 Nxd4 10. Nxd4 a6 11. a4 Qc7 12. Qe2 Be7 13. Bd3 O-O 14. Bg5
Qc5 15. Be3 Qe5 16. f4 Qc7 17. Bd2 Bc5 18. c3 Rd8 19. Kh1 Qd6 20. Rad1 Bd7 21.
Bc2 Bxd4 22. cxd4 Bc6 23. Bc3 Bd5 24. Qe5 Ng4 25. Qxd6 Rxd6 26. Rde1 f5 27. a5
Rc8 28. Ba4 Kf7 29. Bb4 Rdd8 30. Bc5 h6 31. Bd1 Nf6 32. Bf3 Bxf3 33. Rxf3 Ne4
34. b4 Nxc5 35. dxc5 Rd4 36. Rb1 Rcd8 37. h4 R8d5 38. Kh2 g5 39. hxg5 hxg5 40.
fxg5 Kg6 41. b5 Rxc5 42. bxa6 bxa6 43. Rb6 Rxa5 44. Rxe6+ Kxg5 45. Re8 Kf6 46.
Rf8+ Ke6 47. Ra8 Rdd5 48. Rh3 Ke5 49. Rh6 Rd6 50. Rxd6 Kxd6 51. Kh3 Ra4 52. Kh2
Kd5 53. Kh3 a5 54. g3 Ke4 55. Re8+ Kf3 56. Rf8 f4 57. gxf4 Rxf4 58. Ra8 a4 59.
Kh2 Kf2 60. Kh3 Rb4 61. Rf8+ Ke2 62. Rd8 a3 63. Ra8 Rb3+ 64. Kg2 Kd2 65. Rf8
Rc3 66. Rb8 Kc2 67. Kf2 a2 68. Ra8 Kb2 0-1

[Event "XXXV Festival Conca della Presolana A"]
[Site "Castione della Presolana ITA"]
[Date "2015.08.28"]
[Round "6"]
[White "Annicchiarico, Luigi"]
[Black "Pedoni, Lorenzo"]
[WhiteElo "1725"]
[BlackElo "1969"]
[Result "1-0"]
[PlyCount "119"]
[EventDate "2015.08.23"]

1. e4 c5 2. Nf3 Nc6 3. Bb5 e6 4. c3 a6 5. Ba4 b5 6. Bc2 Bb7 7. O-O Nge7 8. d4
cxd4 9. cxd4 Nb4 10. Nc3 Nxc2 11. Qxc2 Rc8 12. Qd3 d5 13. e5 Nc6 14. Be3 Be7
15. Nd2 Nb4 16. Qe2 Nc2 17. Rac1 Nxe3 18. Qxe3 O-O 19. Nb3 Bc6 20. Ne2 Qb6 21.
Rc2 Bd7 22. Rxc8 Rxc8 23. Rc1 Rc4 24. Nd2 Rxc1+ 25. Nxc1 Qc7 26. Qc3 Qxc3 27.
bxc3 b4 28. cxb4 Bxb4 29. Ndb3 Bb5 30. f3 a5 31. Kf2 Kf8 32. Ke3 Ke7 33. Nd3
Bc3 34. Nbc5 a4 35. f4 a3 36. Nc1 Bc4 37. N1b3 Kd8 38. Nc1 Kc7 39. N5b3 Kc6 40.
Nd2 Bb5 41. Nb1 Bb2 42. Kd2 Bf1 43. g3 Bxd4 44. Nxa3 Bg1 45. Nc2 Bxh2 46. Ke1
Bg2 47. Kf2 Bh3 48. Ne1 Bxg3+ 49. Kxg3 Bf5 50. Nb3 g6 51. Nd4+ Kc5 52. Nxf5
gxf5 53. Kf3 d4 54. Ke2 h5 55. Nf3 Kc4 56. a4 Kb4 57. Nxd4 Kxa4 58. Nf3 Kb5 59.
Ng5 Kc6 60. Nxf7 1-0

[Event "XXXV Festival Conca della Presolana A"]
[Site "Castione della Presolana ITA"]
[Date "2015.08.28"]
[Round "6"]
[White "Asperti, Giovanni"]
[Black "Virzi, Ettore"]
[WhiteElo "1759"]
[BlackElo "1965"]
[Result "1-0"]
[PlyCount "73"]
[EventDate "2015.08.23"]

1. e4 e5 2. Nf3 Nc6 3. Bb5 a6 4. Ba4 Nf6 5. O-O b5 6. Bb3 Bc5 7. c3 d6 8. d4
Bb6 9. Bg5 h6 10. Bh4 O-O 11. a4 Bb7 12. axb5 axb5 13. Rxa8 Bxa8 14. d5 Na5 15.
Bc2 c6 16. dxc6 Bxc6 17. Qe2 g5 18. Bg3 Ne8 19. Rd1 Qe7 20. Na3 Nc7 21. b4 Nb7
22. Bd3 Qe8 23. c4 Bd7 24. cxb5 Bg4 25. Nc4 Bd4 26. Ne3 Bxe3 27. Qxe3 Qa8 28.
Rb1 Ne6 29. h4 f6 30. Bc4 Re8 31. hxg5 hxg5 32. Nxg5 Kg7 33. Nxe6+ Bxe6 34.
Bxe6 Rxe6 35. Rc1 Re8 36. Rc7+ Kg6 37. Bh4 1-0

[Event "XXXV Festival Conca della Presolana A"]
[Site "Castione della Presolana ITA"]
[Date "2015.08.28"]
[Round "6"]
[White "Bosio, Devis"]
[Black "Di Paolo, Marco"]
[WhiteElo "1971"]
[BlackElo "1908"]
[Result "1-0"]
[PlyCount "51"]
[EventDate "2015.08.23"]

1. e4 c5 2. c3 d5 3. exd5 Qxd5 4. d4 Nf6 5. Nf3 Bg4 6. Be2 e6 7. h3 Bh5 8. O-O
Nc6 9. Be3 cxd4 10. Nxd4 Bxe2 11. Qxe2 Nxd4 12. Bxd4 Be7 13. Rd1 Qc6 14. Nd2
O-O 15. Nf3 Rfd8 16. c4 b6 17. b3 Rac8 18. Rd3 Qb7 19. Rad1 h6 20. Ne5 a6 21.
Ng4 b5 22. Bxf6 Rxd3 23. Nxh6+ Kf8 24. Bxe7+ Qxe7 25. Qxd3 bxc4 26. Qh7 1-0

[Event "XXXV Festival Conca della Presolana A"]
[Site "Castione della Presolana ITA"]
[Date "2015.08.28"]
[Round "6"]
[White "Bracci, Andrea"]
[Black "Dubois, Martine"]
[WhiteElo "1878"]
[BlackElo "1982"]
[Result "1-0"]
[PlyCount "63"]
[EventDate "2015.08.23"]

1. e4 d5 2. exd5 Qxd5 3. d4 Bf5 4. Nc3 Qa5 5. Bc4 Nf6 6. Bd2 c6 7. Qe2 Nbd7 8.
O-O-O e6 9. d5 cxd5 10. Nxd5 Qd8 11. Bg5 a6 12. Bxf6 gxf6 13. g4 Bg6 14. h4 h5
15. Nf4 Bh6 16. g5 Bxc2 17. Kxc2 Rc8 18. Nxe6 fxe6 19. Kb1 Rxc4 20. Qxc4 fxg5
21. Qxe6+ Qe7 22. Qg6+ Kd8 23. Nf3 gxh4 24. Rhe1 Qh7 25. Nxh4 Kc7 26. Qxh7 Rxh7
27. Rd5 Nf6 28. Rf5 Ng4 29. Rxh5 Nxf2 30. Re6 Ng4 31. Rg6 Rd7 32. Rxg4 1-0

[Event "XXXV Festival Conca della Presolana A"]
[Site "Castione della Presolana ITA"]
[Date "2015.08.28"]
[Round "6"]
[White "De Maria, Isaia"]
[Black "Casartelli, Fabio"]
[WhiteElo "1794"]
[BlackElo "1816"]
[Result "1-0"]
[PlyCount "101"]
[EventDate "2015.08.23"]

1. e4 e5 2. Nf3 Nf6 3. Nxe5 d6 4. Nf3 Nxe4 5. Nc3 Nxc3 6. dxc3 Be7 7. Bf4 Bg4
8. h3 Bh5 9. g4 Bg6 10. Qd2 Be4 11. Bg2 Nc6 12. O-O-O O-O 13. Rhe1 Bxf3 14.
Bxf3 Bf6 15. g5 Be5 16. Bxe5 Nxe5 17. Be4 f5 18. Bxb7 Rb8 19. Bd5+ Kh8 20. f4
c6 21. fxe5 cxd5 22. exd6 Qxd6 23. Qxd5 Qf4+ 24. Qd2 Qa4 25. Kb1 Qb5 26. b3 f4
27. Qd5 Qb6 28. Qd4 f3 29. Qxb6 Rxb6 30. Rf1 Kg8 31. Rd3 f2 32. Rd2 Rb5 33.
Rdxf2 Rxf2 34. Rxf2 Rxg5 35. Rf3 h5 36. Kc1 Rg2 37. c4 h4 38. Kd1 g5 39. c5 g4
40. hxg4 Rxg4 41. c6 Rg7 42. b4 a6 43. a4 Rg4 44. Rc3 Rd4+ 45. Ke2 Rd8 46. c7
Rc8 47. b5 h3 48. Kf2 Kf7 49. b6 h2 50. Kg2 Rh8 51. Kh1 1-0

[Event "XXXV Festival Conca della Presolana A"]
[Site "Castione della Presolana ITA"]
[Date "2015.08.28"]
[Round "6"]
[White "Fiscato, Claudio"]
[Black "Dormio, Luca"]
[WhiteElo "1742"]
[BlackElo "1770"]
[Result "0-1"]
[PlyCount "70"]
[EventDate "2015.08.23"]

1. e4 e6 2. d4 d5 3. Nc3 Bb4 4. exd5 exd5 5. Bd3 Ne7 6. Nge2 Nbc6 7. a3 Bd6 8.
Nb5 O-O 9. Nxd6 Qxd6 10. O-O Bf5 11. Bf4 Qd7 12. c3 Bxd3 13. Qxd3 Ng6 14. Bg3
Rfe8 15. Qf3 Re7 16. b4 Rae8 17. Nf4 Nxf4 18. Bxf4 Nd8 19. Be3 f6 20. a4 a6 21.
g4 Nf7 22. h3 Re4 23. Bf4 c6 24. a5 Qe6 25. Rac1 g5 26. Bg3 h5 27. gxh5 Qxh3
28. Qxf6 R8e6 29. Qf3 g4 30. Qg2 Qxh5 31. Qh2 Qf5 32. Qg2 Ng5 33. Rfd1 Nf3+ 34.
Kf1 Re1+ 35. Rxe1 Qd3+ 0-1

[Event "XXXV Festival Conca della Presolana A"]
[Site "Castione della Presolana ITA"]
[Date "2015.08.28"]
[Round "6"]
[White "Gagliardi, Claudio"]
[Black "Izzo, Riccardo"]
[WhiteElo "1789"]
[BlackElo "1732"]
[Result "0-1"]
[PlyCount "88"]
[EventDate "2015.08.23"]

1. e4 e5 2. Nf3 Nc6 3. Bb5 f5 4. d3 fxe4 5. dxe4 d6 6. h3 Nf6 7. Nc3 Be7 8. Bg5
Be6 9. Qd2 O-O 10. O-O-O a6 11. Bd3 Nb4 12. Kb1 Nxd3 13. cxd3 c5 14. Ne2 b5 15.
Ng3 b4 16. h4 Qa5 17. b3 Qd8 18. Nf5 Bxf5 19. exf5 Nd5 20. Bxe7 Qxe7 21. Rde1
Nc3+ 22. Ka1 Rxf5 23. Re4 Nxe4 24. dxe4 Rxf3 25. Qd5+ Rf7 26. Qxa8+ Qf8 27.
Qxf8+ Kxf8 28. f3 Ke7 29. Kb1 Ke6 30. Kc2 Rf4 31. Rd1 Rxh4 32. Kd3 Rh2 33. Rd2
Rh1 34. Ke3 g5 35. Kf2 h5 36. Kg3 Rc1 37. Kh2 c4 38. bxc4 Rxc4 39. Kh3 a5 40.
Rd5 Rc5 41. Rd2 a4 42. Rb2 Rc4 43. Kg3 d5 44. exd5+ Kxd5 0-1

[Event "XXXV Festival Conca della Presolana A"]
[Site "Castione della Presolana ITA"]
[Date "2015.08.28"]
[Round "6"]
[White "Gardi, Giuseppe"]
[Black "De Marco, Walter"]
[WhiteElo "1925"]
[BlackElo "1875"]
[Result "1-0"]
[PlyCount "91"]
[EventDate "2015.08.23"]

1. d4 g6 2. c4 Bg7 3. Nc3 d6 4. e4 Nc6 5. Be3 e5 6. d5 Nce7 7. c5 f5 8. cxd6
cxd6 9. Bb5+ Kf7 10. f3 Nf6 11. Be2 Rf8 12. g4 f4 13. Bf2 g5 14. h4 gxh4 15.
Bxh4 h6 16. Nh3 Ng6 17. Bf2 Nh7 18. Qb3 Kg8 19. O-O-O Rf7 20. Kb1 b6 21. Bb5
Bf8 22. Rdg1 Rb8 23. Qa4 Kh8 24. a3 Rc7 25. Na2 Rf7 26. Nb4 Bd7 27. Bxd7 Qxd7
28. Qa6 Qb7 29. Rc1 Qxa6 30. Nxa6 Rbb7 31. g5 Kg8 32. gxh6 Bxh6 33. Rhg1 Rg7
34. Rc6 Rbd7 35. Rc8+ Ngf8 36. Rxg7+ Rxg7 37. Rc7 Rg2 38. Be1 Rh2 39. Nf2 Ng5
40. Ng4 Re2 41. Nxh6+ Kh8 42. Bh4 Ngh7 43. Nf7+ Kg8 44. Nxd6 Rh2 45. Nf5 Rh3
46. Rc3 1-0

[Event "XXXV Festival Conca della Presolana A"]
[Site "Castione della Presolana ITA"]
[Date "2015.08.28"]
[Round "6"]
[White "Gennaro, Isabella"]
[Black "Foglieni, Matteo"]
[WhiteElo "1875"]
[BlackElo "1969"]
[Result "0-1"]
[PlyCount "62"]
[EventDate "2015.08.23"]

1. e4 c6 2. d4 d5 3. e5 c5 4. Nc3 e6 5. Nf3 Nc6 6. Be3 cxd4 7. Bxd4 Nh6 8. Bd3
Nxd4 9. Nxd4 g6 10. Qe2 Bd7 11. O-O Nf5 12. Nxf5 gxf5 13. Qh5 h6 14. Bxf5 exf5
15. Nxd5 Bg7 16. Rad1 Be6 17. Nf6+ Bxf6 18. Rxd8+ Bxd8 19. Qf3 Rb8 20. Qa3 Bb6
21. Rd1 Rd8 22. Qa4+ Bd7 23. Qh4 Bc6 24. Rd6 Bc7 25. Rxd8+ Bxd8 26. Qd4 Rg8 27.
g3 Rg4 28. Qc3 Re4 29. Kf1 Bb6 30. Qd2 Bb5+ 31. Kg1 Re2 0-1

[Event "XXXV Festival Conca della Presolana A"]
[Site "Castione della Presolana ITA"]
[Date "2015.08.28"]
[Round "6"]
[White "Guerini, Silvia jr"]
[Black "Boccalatte, Piero"]
[WhiteElo "1869"]
[BlackElo "1913"]
[Result "1-0"]
[PlyCount "139"]
[EventDate "2015.08.23"]

1. e4 c6 2. d4 d5 3. e5 Bf5 4. Nc3 a6 5. Be3 h5 6. Nf3 e6 7. Bd3 Bxd3 8. Qxd3
Nd7 9. O-O c5 10. Nxd5 Nxe5 11. Nxe5 Qxd5 12. Nc4 Qc6 13. dxc5 Rd8 14. Qc3 Nf6
15. Ne5 Qc7 16. Rad1 Nd5 17. Qd4 Be7 18. Qa4+ Kf8 19. Bf4 Kg8 20. Nxf7 Nxf4 21.
Nxd8 Bxd8 22. Rxd8+ Qxd8 23. Qxf4 Qd5 24. Qd6 Qxa2 25. Qb8+ Kh7 26. Qxb7 Qc4
27. b4 Rd8 28. c3 Rd3 29. g3 Rxc3 30. Re1 Rc1 31. Rxc1 Qxc1+ 32. Kg2 Qc4 33.
Qf7 Qxb4 34. Qxh5+ Kg8 35. Qe8+ Kh7 36. Qxe6 Qxc5 37. Qxa6 Qd5+ 38. Kg1 g5 39.
Qe2 Kg6 40. f3 Qd4+ 41. Kg2 Qa1 42. Qe6+ Kg7 43. Qf5 Kh6 44. f4 Qa8+ 45. Kh3
gxf4 46. Qxf4+ Kg6 47. Qg4+ Kh6 48. Qf4+ Kg6 49. Qd6+ Kg5 50. Qc5+ Kg6 51. Qc3
Qb7 52. g4 Qa7 53. Qd3+ Kg7 54. g5 Qg1 55. Qg3 Qf1+ 56. Kg4 Qe2+ 57. Kf5 Qc2+
58. Ke6 Qc8+ 59. Kd5 Qb7+ 60. Kd4 Qb6+ 61. Ke4 Qb7+ 62. Kf5 Qd7+ 63. Kf4 Qd4+
64. Kf3 Qd1+ 65. Kg2 Qe2+ 66. Kg1 Qd1+ 67. Kf2 Qd2+ 68. Kf3 Qd3+ 69. Kg4 Kg6
70. Qxd3+ 1-0

[Event "XXXV Festival Conca della Presolana A"]
[Site "Castione della Presolana ITA"]
[Date "2015.08.28"]
[Round "6"]
[White "Lavorgna, Filippo"]
[Black "Saracco, Marco"]
[WhiteElo "1840"]
[BlackElo "1810"]
[Result "1/2-1/2"]
[PlyCount "83"]
[EventDate "2015.08.23"]

1. c4 e6 2. Nf3 Nf6 3. g3 b6 4. Bg2 Bb7 5. O-O Be7 6. Nc3 Ne4 7. Qc2 Nxc3 8.
Qxc3 Bf6 9. d4 O-O 10. Qc2 d6 11. e4 g6 12. Be3 Nd7 13. Ne1 e5 14. d5 a5 15.
Nd3 Bg7 16. f4 Qe7 17. f5 g5 18. b3 h6 19. a3 Rfc8 20. b4 axb4 21. axb4 Rxa1
22. Rxa1 Ra8 23. Rxa8+ Bxa8 24. Qa4 Qd8 25. Bf1 Nf6 26. Nf2 Bf8 27. Be2 Bb7 28.
g4 Qa8 29. Qxa8 Bxa8 30. Kg2 Nd7 31. b5 f6 32. Nd3 Be7 33. Nb4 Bd8 34. Nc6 Bxc6
35. bxc6 Nc5 36. Kf3 Be7 37. Bd2 Nb3 38. Bc3 Kf7 39. Ke3 Nc5 40. Bd1 Ke8 41.
Bc2 Kd8 42. Bb4 1/2-1/2

[Event "XXXV Festival Conca della Presolana A"]
[Site "Castione della Presolana ITA"]
[Date "2015.08.28"]
[Round "6"]
[White "Lavorgna, Giovanni"]
[Black "Villa, Claudio"]
[WhiteElo "1914"]
[BlackElo "1823"]
[Result "0-1"]
[PlyCount "56"]
[EventDate "2015.08.23"]

1. d4 d5 2. Bf4 Nf6 3. Nf3 g6 4. Nc3 a6 5. Qd2 Bg7 6. Bh6 O-O 7. h4 Bf5 8. h5
gxh5 9. g4 hxg4 10. Bxg7 Kxg7 11. Qh6+ Kh8 12. Ng5 Nc6 13. e4 dxe4 14. Ncxe4
Qxd4 15. Bd3 Nxe4 16. Bxe4 Bxe4 17. Nxh7 Qg7 18. Nxf8+ Qxh6 19. Rxh6+ Kg7 20.
Rh4 Rxf8 21. Rxg4+ Bg6 22. O-O-O Rd8 23. Rdg1 Rd4 24. f4 Kf6 25. c3 Re4 26. Rh4
Nd8 27. Rd1 Ne6 28. Rd7 Nxf4 0-1

[Event "XXXV Festival Conca della Presolana A"]
[Site "Castione della Presolana ITA"]
[Date "2015.08.28"]
[Round "6"]
[White "Lazzarini, Sabrina"]
[Black "Raselli, Claudio"]
[WhiteElo "1786"]
[BlackElo "1810"]
[Result "1-0"]
[PlyCount "51"]
[EventDate "2015.08.23"]

1. e4 c5 2. Nc3 Nc6 3. g3 Rb8 4. Bg2 b5 5. d3 e6 6. f4 b4 7. Nce2 g6 8. Nf3 Bg7
9. O-O Nge7 10. g4 Bb7 11. f5 exf5 12. gxf5 gxf5 13. exf5 Nxf5 14. Ng5 Ncd4 15.
Bxb7 Rxb7 16. c3 Rg8 17. cxd4 Bxd4+ 18. Nxd4 Rxg5+ 19. Bxg5 Qxg5+ 20. Kh1 Nxd4
21. Qe1+ Kf8 22. Qe4 d5 23. Qxh7 Ne6 24. Rg1 Qe5 25. Raf1 Nf4 26. Qh6+ 1-0

[Event "XXXV Festival Conca della Presolana A"]
[Site "Castione della Presolana ITA"]
[Date "2015.08.28"]
[Round "6"]
[White "Manoni, Emmanuel Denis"]
[Black "Mascheroni, Maurizio"]
[WhiteElo "1892"]
[BlackElo "1945"]
[Result "1-0"]
[PlyCount "61"]
[EventDate "2015.08.23"]

1. Nf3 Nf6 2. c4 e6 3. g3 b6 4. Bg2 Bb7 5. O-O Be7 6. d4 d6 7. Nbd2 Nbd7 8. b3
c5 9. Bb2 cxd4 10. Nxd4 Bxg2 11. Kxg2 Rc8 12. N2f3 a6 13. Rc1 O-O 14. e3 Re8
15. Qe2 Nb8 16. Rfd1 Qc7 17. b4 Nc6 18. b5 Nb8 19. Kg1 Qb7 20. Ba3 d5 21. Bxe7
Qxe7 22. bxa6 dxc4 23. Rxc4 Rxc4 24. Qxc4 Qc5 25. Qxc5 bxc5 26. a7 Nbd7 27. Nc6
Kf8 28. Rb1 Nd5 29. Nb8 N7b6 30. e4 Nb4 31. a3 1-0

[Event "XXXV Festival Conca della Presolana A"]
[Site "Castione della Presolana ITA"]
[Date "2015.08.28"]
[Round "6"]
[White "Marchini, Daniele"]
[Black "Pirrello, Christian"]
[WhiteElo "1885"]
[BlackElo "1917"]
[Result "1-0"]
[PlyCount "63"]
[EventDate "2015.08.23"]

1. d4 d6 2. g3 e5 3. dxe5 dxe5 4. Qxd8+ Kxd8 5. Bg2 c6 6. Nc3 Be6 7. f4 Bd6 8.
Nf3 f6 9. Ne4 Bb4+ 10. c3 Bd5 11. Nxe5 Ba5 12. b4 Bb6 13. c4 Bxe4 14. Bxe4 fxe5
15. fxe5 Bd4 16. Bg5+ Kc7 17. O-O-O Bxe5 18. Bd8+ Kc8 19. Bf5+ Nd7 20. Rxd7 Kb8
21. b5 cxb5 22. cxb5 Nf6 23. Bxf6 Bxf6 24. Rhd1 Re8 25. Bg4 a5 26. Bf3 Rc8+ 27.
Kb1 Rc7 28. b6 Rxd7 29. Rxd7 Kc8 30. Bg4 Ra6 31. Rxg7+ Kd8 32. Rxb7 1-0

[Event "XXXV Festival Conca della Presolana A"]
[Site "Castione della Presolana ITA"]
[Date "2015.08.28"]
[Round "6"]
[White "Rorato, Renzo"]
[Black "Bossi, Alessandro"]
[WhiteElo "1963"]
[BlackElo "2043"]
[Result "1-0"]
[PlyCount "99"]
[EventDate "2015.08.23"]

1. Nf3 Nf6 2. c4 e6 3. g3 d5 4. Bg2 Be7 5. O-O O-O 6. d4 b6 7. Nc3 Bb7 8. Ne5
Qc8 9. cxd5 exd5 10. Bg5 Nbd7 11. Qa4 Qe8 12. Nxd7 Nxd7 13. Bxe7 Qxe7 14. Nxd5
Bxd5 15. Bxd5 Rad8 16. Bf3 a5 17. Rfd1 Nf6 18. Rac1 Rd7 19. a3 Rfd8 20. e3 g6
21. Rc6 h5 22. Rdc1 Ne8 23. R1c3 h4 24. Kg2 Qg5 25. d5 hxg3 26. hxg3 Qe7 27.
Qc2 Rd6 28. e4 Qe5 29. Qd2 Rxc6 30. Rxc6 Rd6 31. Rc3 c5 32. Qf4 f6 33. Qxe5
fxe5 34. Bg4 Rd8 35. f4 Nf6 36. Bf3 Nd7 37. Bg4 Nf6 38. Be6+ Kg7 39. Kf3 exf4
40. gxf4 Ne8 41. Rb3 Rb8 42. Bd7 c4 43. Rc3 b5 44. Bxe8 Rxe8 45. e5 Rc8 46. Ke4
b4 47. axb4 axb4 48. Rc1 c3 49. bxc3 b3 50. Kd4 1-0

[Event "XXXV Festival Conca della Presolana A"]
[Site "Castione della Presolana ITA"]
[Date "2015.08.28"]
[Round "6"]
[White "Rossini, Fulvio"]
[Black "Prete, Alessandro"]
[WhiteElo "1964"]
[BlackElo "1963"]
[Result "1/2-1/2"]
[PlyCount "46"]
[EventDate "2015.08.23"]

1. Nf3 Nf6 2. d4 g6 3. c4 Bg7 4. Nc3 O-O 5. g3 d6 6. Bg2 Nc6 7. O-O Bf5 8. d5
Na5 9. Nd2 c5 10. e4 Bd7 11. a3 Qc8 12. Qe2 Ng4 13. Rb1 f5 14. Nd1 b6 15. b4
Nb7 16. Ne3 f4 17. Nxg4 Bxg4 18. f3 Bd7 19. Bb2 g5 20. Bxg7 Kxg7 21. e5 Bf5 22.
Rbe1 Qe8 23. Ne4 Qg6 1/2-1/2

[Event "XXXV Festival Conca della Presolana A"]
[Site "Castione della Presolana ITA"]
[Date "2015.08.29"]
[Round "7"]
[White "Boccalatte, Piero"]
[Black "Pedoni, Lorenzo"]
[WhiteElo "1913"]
[BlackElo "1969"]
[Result "1/2-1/2"]
[PlyCount "32"]
[EventDate "2015.08.23"]

1. d4 Nf6 2. c4 e6 3. Nc3 Bb4 4. Qc2 O-O 5. a3 Bxc3+ 6. Qxc3 b6 7. Bf4 Bb7 8.
e3 d6 9. Ne2 Nbd7 10. f3 Nh5 11. e4 Nxf4 12. Nxf4 e5 13. dxe5 Nxe5 14. g3 Qe7
15. Bg2 f5 16. O-O fxe4 1/2-1/2

[Event "XXXV Festival Conca della Presolana A"]
[Site "Castione della Presolana ITA"]
[Date "2015.08.29"]
[Round "7"]
[White "Bossi, Alessandro"]
[Black "Manoni, Emmanuel Denis"]
[WhiteElo "2043"]
[BlackElo "1892"]
[Result "1/2-1/2"]
[PlyCount "59"]
[EventDate "2015.08.23"]

1. e4 c5 2. b3 e5 3. f4 exf4 4. Nf3 d6 5. Bc4 Be6 6. O-O Bxc4 7. bxc4 Be7 8.
Nc3 Bf6 9. Rb1 Ne7 10. Rxb7 Nd7 11. Nb5 O-O 12. d4 cxd4 13. Nxd6 Nc5 14. Bxf4
Nxb7 15. Nxb7 Qb6 16. Nd6 Ng6 17. Bg3 Rad8 18. c5 Qb4 19. e5 Be7 20. Qxd4 Qb8
21. Qc4 Qc7 22. h4 Nxe5 23. Bxe5 Bxd6 24. Bxd6 Rxd6 25. Ne5 Rd2 26. Nf3 Rdd8
27. Re1 Rfe8 28. Rxe8+ Rxe8 29. c6 Qg3 30. Qd5 1/2-1/2

[Event "XXXV Festival Conca della Presolana A"]
[Site "Castione della Presolana ITA"]
[Date "2015.08.29"]
[Round "7"]
[White "Caputi, Giuliano"]
[Black "Gennaro, Isabella"]
[WhiteElo "1884"]
[BlackElo "1875"]
[Result "1-0"]
[PlyCount "39"]
[EventDate "2015.08.23"]

1. e4 c5 2. Nf3 Nc6 3. d4 cxd4 4. Nxd4 Nf6 5. Nc3 e5 6. Nxc6 bxc6 7. Bc4 Bb4 8.
Bg5 Qa5 9. Qf3 O-O 10. Bxf6 gxf6 11. O-O Be7 12. Rad1 d6 13. Qh5 Qb4 14. Bb3 d5
15. a3 Qa5 16. exd5 Bxa3 17. bxa3 Qxc3 18. Rd3 Qc5 19. Rg3+ Kh8 20. Qh6 1-0

[Event "XXXV Festival Conca della Presolana A"]
[Site "Castione della Presolana ITA"]
[Date "2015.08.29"]
[Round "7"]
[White "Casartelli, Fabio"]
[Black "Fiscato, Claudio"]
[WhiteElo "1816"]
[BlackElo "1742"]
[Result "1-0"]
[PlyCount "105"]
[EventDate "2015.08.23"]

1. d4 Nf6 2. Nf3 b6 3. Bf4 Bb7 4. e3 e6 5. Be2 Be7 6. O-O O-O 7. c4 d6 8. Nc3
Nh5 9. Bg3 Nxg3 10. hxg3 Nd7 11. Qc2 Bf6 12. Rfd1 d5 13. b3 a6 14. Rac1 Rc8 15.
Nh2 g6 16. Bf3 c6 17. Qb1 Bg7 18. Nf1 f5 19. Ne2 g5 20. g4 Nf6 21. Nh2 h5 22.
Nc3 hxg4 23. Be2 Qe8 24. cxd5 cxd5 25. Na4 Nd7 26. Rxc8 Qxc8 27. Rc1 Qb8 28.
Nf1 Rc8 29. Ng3 Rxc1+ 30. Qxc1 Qc8 31. Qd2 Qc6 32. Nh5 Kh7 33. e4 Bh6 34. exf5
exf5 35. Bd3 Nf6 36. Bxf5+ Kh8 37. Ng3 Qd6 38. Qe2 Bg7 39. Bd3 b5 40. Nc5 Bc8
41. Bf5 Qd8 42. Qe3 Bxf5 43. Nxf5 Ne8 44. Qe6 a5 45. Qf7 Bf6 46. Ne6 Qc8 47.
Qh5+ Kg8 48. Qg6+ Kh8 49. Qh6+ Kg8 50. Qg6+ Kh8 51. Nf8 Qc1+ 52. Kh2 Qf4+ 53.
Ng3 1-0

[Event "XXXV Festival Conca della Presolana A"]
[Site "Castione della Presolana ITA"]
[Date "2015.08.29"]
[Round "7"]
[White "De Marco, Walter"]
[Black "Lavorgna, Giovanni"]
[WhiteElo "1875"]
[BlackElo "1914"]
[Result "0-1"]
[PlyCount "62"]
[EventDate "2015.08.23"]

1. d4 d5 2. Nc3 Bf5 3. f3 c5 4. e4 dxe4 5. fxe4 Bg6 6. dxc5 Qxd1+ 7. Kxd1 Nc6
8. Bd3 e6 9. Be3 Nf6 10. Nge2 O-O-O 11. Ke1 Ng4 12. Bg1 Nge5 13. Rd1 Bh5 14.
Rd2 Be7 15. h4 Bg4 16. Be3 Nb4 17. Nc1 Rd7 18. a3 Nbxd3+ 19. Nxd3 Nc4 20. Bf4
Nxd2 21. Kxd2 Bxc5 22. Kc1 Bd4 23. Nb5 f6 24. Nxd4 Rxd4 25. Be3 Rxe4 26. Bxa7
Bf5 27. g3 Rd8 28. Bb6 Rd6 29. Bc5 Rc6 30. Kd2 Rc4 31. g4 Bxd3 0-1